Evaluación conductual. Metodologías y aplicaciones

Sparad:
Bibliografiska uppgifter
Huvudupphovsmän: Fernández Ballesteros, Rocío (Författare, medförfattare), Carrobles, José Antonio (Författare, medförfattare)
Materialtyp: Bok
Språk:spanska
Publicerad: Madrid Pirámide 1981
Ämnen:
Taggar: Lägg till en tagg
Inga taggar, Lägg till första taggen!

MARC

LEADER 00000nam a2200000 a 4500
001 UCG1856
003 CL-VaPUC
008 100520e19810000SP |||||||||||||||||spa|d
020 |a 8436801660 
082 0 4 |a 150.194  |b FER  |2 21 
100 |a Fernández Ballesteros, Rocío  |e author  |9 549940 
700 |a Carrobles, José Antonio  |e author  |9 463368 
245 1 0 |a Evaluación conductual. Metodologías y aplicaciones 
300 |a 783 p 
942 |c BK 
945 |d 20100520 00:00:00  |a dcastane 
260 |a Madrid  |b Pirámide  |c 1981 
650 7 |a DIAGNOSTICO  |2 CL-VaPUC  |9 269639 
650 0 |a Conducta  |9 269782 
650 7 |a EVALUACION PSICOLOGICA  |2 CL-VaPUC  |9 375317 
583 |a last modification  |c 20170531 10:16:37  |k Rodrigo Vera 
999 |c 341114  |d 341112 
952 |0 0  |1 0  |4 0  |6 150_194000000000000_FER_1981  |7 0  |8 A  |9 436394  |a BIBEDU  |b BIBEDU  |d 2019-11-22  |i 4678583  |o 150.194 FER 1981  |p 4678583  |r 2019-11-22  |w 2019-11-22  |y BK  |k EPE